=LDR 00000nam 2200000 4500 =001 INLIS000000000011828 =005 20130612103355 =008 ***********************************Ind** =035 ##$$0010-061300000011828 =041 ##$$a Ind =082 ##$$a 615.89 =090 ##$$a 615.89, Fos a =100 ##$$a Foster, George M =245 ##$$a Antropologi Kesehatan, George M.faster, Barbara Galltim Andersion, Penerjemah, Priyanti Pakan Suryadharma, Mutia F. Hatta Swasono =260 ##$$a 1986 $b Jakarta =300 ##$$a x, 409 hlm, 22 cm =650 ##$$a Antropologi Kesehatan =700 ##$$a Andreson, Barbara Gallatin, suryadarma, Prianty Pakan, Swasono Mutia Hatta =850 ##$$a NBPNMAT